Phương pháp quấn dây & lắp đặt hệ thống điều khiển điện cơ
Nội dung cuốn sách Phương pháp quấn dây & lắp đặt hệ thống điện cơ giới thiệu tới bạn đọc các phương pháp quấn dây và sử dụng các thiết bị điện gia dụng; sử dung các hệ thống cơ điện......
में बचाया:
| स्वरूप: | पुस्तक |
|---|---|
| भाषा: | Undetermined |
| प्रकाशित: |
Hà Nội
Thanh niên
2007
|
| विषय: | |
| टैग : |
टैग जोड़ें
कोई टैग नहीं, इस रिकॉर्ड को टैग करने वाले पहले व्यक्ति बनें!
|
| Thư viện lưu trữ: | Trung tâm Học liệu Trường Đại học Cần Thơ |
|---|
| LEADER | 01053nam a2200205Ia 4500 | ||
|---|---|---|---|
| 001 | CTU_159330 | ||
| 008 | 210402s9999 xx 000 0 und d | ||
| 020 | |c 62000 | ||
| 082 | |a 621.3192 | ||
| 082 | |b Ph561 | ||
| 245 | 0 | |a Phương pháp quấn dây & lắp đặt hệ thống điều khiển điện cơ | |
| 245 | 0 | |c Tạ Nguyễn Ngọc ... [et al.] | |
| 260 | |a Hà Nội | ||
| 260 | |b Thanh niên | ||
| 260 | |c 2007 | ||
| 520 | |a Nội dung cuốn sách Phương pháp quấn dây & lắp đặt hệ thống điện cơ giới thiệu tới bạn đọc các phương pháp quấn dây và sử dụng các thiết bị điện gia dụng; sử dung các hệ thống cơ điện... | ||
| 650 | |a Electric engineering,Household appliances, electric,Điện gia dụng,Kỹ thuật điện | ||
| 650 | |x Equipment and supplies,Vật tư và trang thiết bị | ||
| 904 | |i Trọng Hiếu | ||
| 980 | |a Trung tâm Học liệu Trường Đại học Cần Thơ | ||